000 nam a22 7a 4500
999 _c10633
_d10633
008 180220b ||||| |||| 00| 0 eng d
100 _aGupta,R.G.
_96520
245 _aComposite Mathematics for Us
260 _aNew Delhi
_bAPC
_c2013